000 00602nam a2200181Ia 4500
008 100920s9999 xx 000 0 und d
082 _b96931
_a910 न 06
100 _aकदम माधव.
245 _aसिंधुदुर्ग दर्शन.
260 _bसोनाली प्रकाशन,कणकवली.
_c2006
300 _a111
_bसाधी
365 _b110
520 _aभू.प्र.
630 _aसिंधुदुर्ग दर्शन.
650 _aभू.प्र.
730 _aसिंधुदुर्ग दर्शन.
942 _cBOOK
999 _c737370
_d737367